• 首页
  • 本馆介绍
  • 公告通知
  • 最新文献
  • 馆藏检索
  • 电子资源
  • 读者导购
  • 参考咨询
  • 我的图书馆
  • 登录
  • 详细信息显示
  • 放入我的书架
  • 预约/预借图书
  • 作者相关作品
  • 分类相关作品
  • 丛书相关作品
  • 出版社相关作品

书目信息

  • 表格格式
  • 工作单格式
  • 卡片格式
书名: Prealgebra
作者: Daniel J. Bach, Patricia J. Leitner.
分册号:
分册名:
出版地: Boston :
 
出版社: McGraw-Hill
出版时间: c2006.
页数: 1 v. (various pagings) :
开本: 28 cm. +
丛书名:
中图分类号:
科图分类号:
其他分类号: O1
主题词:
电子资源: http://www.loc.gov/catdir/enhancements/fy0668/2004056974-t.html      http://www.loc.gov/catdir/enhancements/fy0668/2004056974-d.html     
000 01330nam a2200397 a 4500
001 E0732453918
003 CAL
005 20070708090318.01
008 041014s2006 maua 001 0 eng
010    @a 2004056974
020    @a9780072969108.
020    @a0072969105 (acid-free paper).
020    @a0072994398 (student access kit).
020    @a0073023744 (annotated instructor's ed. : acid-free paper).
020    @a9780073023748.
040    @aDLC@cDLC@dDLC
050 00 @aQA39.3@b.B33 2006
082 00 @a513/.14@222
090    @aO1
093    @aO1@24
099    @dO1@ex21=3
100 1  @aBach, Daniel J.
245 10 @aPrealgebra :@bmathematics for a variable world / @cDaniel J. Bach, Patricia J. Leitner.
250    @a3rd ed.
260    @aBoston :@bMcGraw-Hill,@cc2006.
300    @a1 v. (various pagings) :@bill. (some col.) ;@c28 cm. +@e1 folding ; 24 cm.
500    @aThe title of folding: student access kit.
500    @aIncludes indexes.
650  0 @aMathematics.
700 1  @aLeitner, Patricia J.
856 41 @3Table of contents only@uhttp://www.loc.gov/catdir/enhancements/fy0668/2004056974-t.html
856 42 @3Publisher description@uhttp://www.loc.gov/catdir/enhancements/fy0668/2004056974-d.html
920    @a231010@z2
920    @a242010@z2
920    @a241031@z2
998    @aFDU
    
    Prealgebra : : mathematics for a variable world / / Daniel J. Bach, Patricia J. Leitner.-3rd ed.-Boston : : McGraw-Hill, , c2006.
    1 v. (various pagings) : : ill. (some col.) ; ; 28 cm. + + 1 folding ; 24 cm.
    The title of folding: student access kit.-Includes indexes.
    
    ISBN 9780072969108.
    
●
相关链接 在E读中查询图书 在五车中查询图书 在当当中查询图书 在豆瓣中查询图书


正题名:Prealgebra     索取号:O1/x21=3         预约/预借

序号 登录号 条形码 馆藏地/架位号 状态 备注
1 0011564   300115649   第二样本阅览室/ [索取号:O1/x21=3] 在馆    
2 12692   300126922   第四借阅区/ [索取号:O1/x21=3] 在馆    
3 12693   300126931   第四借阅区/ [索取号:O1/x21=3] 在馆    
唐山师范学院图书馆 欢迎您!
大连网信软件有限公司© 版权所有